000 00388nam a22001457a 4500
020 _a969-35-1324-X
040 _cNUST
082 _a891.4393,BAN
100 _aBano, Qudsia
245 _aDast Basta / دست بستہ (Urdu) /
_cBano Qudsia
260 _aLahore
_bSang-e-Meel Pub
_c2015
300 _a232 p.;
650 _aUrdu Literature
_xNovel
_9110271
942 _2ddc
_cBK
_k891.4393,BAN
999 _c593707
_d593707